000 00856nam a2200193 i 4500
001 31168
003 ES-MaACL
005 20230906154329.0
007 t|
008 030128s1875 fr ||||1| fre d
100 1 _aBeguyer de Chancourtois, Alexandre-Emile.
_927043
245 1 1 _a[Instruction pour la pratique du dessin géométrique sur la sphére et pour son application en géographie et en géologie
_b: (principes et usage des instruments de sphérodésie graphique) /
_cpar M. B. de Chancourtois].
260 _aParis :
_b[s.n.],
_c1875 (
_fImp. Arnous de Riviére)
300 _a8 p. ;
_c24 cm.
500 _aSeparata de: Annales des mines, t. VIII, 1875.
594 _aTítulo y autor tomado del principio del texto.
650 4 _aProyección cartográfica.
_9154258
852 _aES-MaACL
_jT-907-F-7
_z. - Legado Federico de Botella y de Hornos
999 _c31168
_d31168